[Event "NOR-ch team"]
[Site "?"]
[Date "1999.05.13"]
[Round "2"]
[White "Gausel Einar"]
[Black "Lie Kjetil A"]
[Result "1/2-1/2"]
[WhiteElo "2525"]
[BlackElo "2220"]
[PlyCount "139"]
[EventDate "1999.??.??"]
[Source "www.chesslib.no"]
[SourceDate "2004.05.04"]

1. d4 c5 2. d5 f5 3. Nc3 Nf6 4. g3 g6 5. Bg2 Bg7 6. Nh3 O-O 7. O-O d6 8. Nf4 Na6 9. e4 Nc7 10. a4 fxe4 11. Nxe4 Nxe4 12. Bxe4 Bf5 13. Bg2 Rb8 14. Re1 a6 15. a5 b6 16. axb6 Rxb6 17. c3 Re8 18. h4 Be5 19. Ra4 Rf8 20. Nh3 Bxh3 21. Bxh3 Qe8 22. f4 Bf6 23. Rae4 Qf7 24. Be6 Nxe6 25. Rxe6 c4 26. R1e4 Rc8 27. Qe2 Rb5 28. Rxc4 Rxc4 29. Qxc4 Qe8 30. Qd3 Rc5 31. c4 Qa4 32. b3 Qa1 33. Re1 Ra5 34. Bd2 Qd4+ 35. Qxd4 Bxd4+ 36. Be3 Bc3 37. Rc1 Bb4 38. Rd1 Ra2 39. Kf1 Kf7 40. g4 Rh2 41. Bf2 Rh3 42. Rb1 Rf3 43. Kg2 Rd3 44. g5 e6 45. Ra1 a5 46. Bb6 exd5 47. Bxa5 Bxa5 48. Rxa5 dxc4 49. bxc4 Rd4 50. Ra7+ Kg8 51. c5 dxc5 52. Kf3 Rb4 53. Rc7 Rc4 54. Ke3 Kh8 55. Rc6 Kg7 56. Kf3 Kf7 57. h5 gxh5 58. Rh6 Kg7 59. Rxh5 Rc1 60. Rh6 c4 61. Rc6 c3 62. Kg4 c2 63. Kf5 Kf7 64. Rc7+ Ke8 65. Kf6 Rf1 66. Rxc2 Rxf4+ 67. Kg7 Rh4 68. Rc8+ Ke7 69. Rc7+ Ke6 70. Ra7 1/2-1/2

[Event "3. Atom Cup GM"]
[Site "?"]
[Date "1998.09.26"]
[Round "8"]
[White "Bunzmann Dimitrij"]
[Black "Husari Satea"]
[Result "1-0"]
[WhiteElo "2455"]
[BlackElo "2290"]
[PlyCount "94"]
[EventDate "1998.??.??"]
[Source "www.chesslib.no"]
[SourceDate "2004.05.04"]

1. d4 c5 2. d5 f5 3. Nc3 Nf6 4. Nf3 g6 5. e4 fxe4 6. Ng5 a6 7. Ncxe4 Bg7 8. c3 d6 9. Be2 Nxe4 10. Nxe4 Nd7 11. Bg4 Nf8 12. O-O Bxg4 13. Qxg4 Qd7 14. Qe2 h6 15. Rb1 Nh7 16. Re1 O-O 17. Ng3 Rae8 18. Bd2 Nf6 19. Qd3 Kh7 20. Re6 b5 21. b3 Rc8 22. c4 Qe8 23. Rbe1 Rc7 24. f3 Qf7 25. h4 bxc4 26. bxc4 Kh8 27. Ne2 g5 28. hxg5 hxg5 29. Bxg5 Qh5 30. Be3 Qh7 31. Qxh7+ Kxh7 32. Nf4 Rb8 33. Nd3 Kg8 34. g4 Kf7 35. Bf4 Ng8 36. g5 Rcb7 37. Kg2 a5 38. Kg3 a4 39. g6+ Kf8 40. Rxd6 exd6 41. Bxd6+ Ne7 42. Nxc5 Ke8 43. Bxb8 Rxb8 44. d6 Bf6 45. Ne4 Kf8 46. dxe7+ Bxe7 47. f4 Ra8 1-0

[Event "Passau"]
[Site "?"]
[Date "1998.04.12"]
[Round "6"]
[White "Riedel Wolfgang"]
[Black "Danner Georg"]
[Result "1/2-1/2"]
[WhiteElo "2350"]
[BlackElo "2385"]
[PlyCount "124"]
[EventDate "1998.??.??"]
[Source "www.chesslib.no"]
[SourceDate "2004.05.04"]

1. d4 c5 2. d5 f5 3. Nc3 Nf6 4. Bg5 Qb6 5. Rb1 h6 6. Bxf6 Qxf6 7. e3 d6 8. Bb5+ Kd8 9. a4 g5 10. f4 Bg7 11. Nge2 a6 12. Bc4 Nd7 13. O-O Qg6 14. Qd2 Nf6 15. b4 Nd7 16. bxc5 Nxc5 17. Nd4 Rg8 18. Rf2 Bd7 19. Ne6+ Bxe6 20. dxe6 Bxc3 21. Qxc3 gxf4 22. exf4 Ne4 23. Qa5+ Ke8 24. Re2 Qf6 25. Qb6 Nc3 26. Qxb7 Rd8 27. Bxa6 Qd4+ 28. Kh1 Nxb1 29. Qxb1 Kf8 30. Bb5 Kg7 31. Qf1 Rb8 32. h3 Kh7 33. Bd3 Qf6 34. g4 Rb2 35. Bxf5+ Kh8 36. Qf3 Rb4 37. a5 Ra4 38. a6 Rxa6 39. Bd3 Ra4 40. Re4 Ra5 41. Re2 Qd4 42. Kh2 Rf8 43. Qe4 Qxe4 44. Rxe4 Rb8 45. Rc4 Kg7 46. Kg3 Kf6 47. f5 Ra1 48. Rc7 Rg1+ 49. Kf2 Rd1 50. Kg3 Ra8 51. Kf3 h5 52. Kf4 Rg1 53. Be2 h4 54. Rc3 Rg2 55. Re3 Rc8 56. c4 Rc5 57. Bd3 Ra5 58. Be4 Rg1 59. Rb3 Ra4 60. Bd3 Rg3 61. g5+ Rxg5 62. Rb5 Rg8 1/2-1/2

[Event "RUS Ch women"]
[Site "Elista RUS"]
[Date "1995.??.??"]
[Round "2"]
[White "Zaitseva, Ludmila G"]
[Black "Prudnikova, Svetlana"]
[Result "1-0"]
[WhiteElo "2320"]
[BlackElo "2405"]
[PlyCount "43"]
[EventDate "1995.??.??"]
[Source "www.chesslib.no"]
[SourceDate "2004.05.04"]

1. d4 c5 2. d5 f5 3. Nc3 d6 4. e4 Nf6 5. Bb5+ Kf7 6. Nf3 fxe4 7. Ng5+ Kg8 8. Ngxe4 Nxe4 9. Nxe4 e5 10. O-O a6 11. Be2 Be7 12. Bg4 Bxg4 13. Qxg4 Qd7 14. Qe2 Qf5 15. f4 Nd7 16. fxe5 Qxe5 17. Bf4 Qxd5 18. Nxd6 Bf6 19. Rad1 Bd4+ 20. Kh1 Nf6 21. c3 g5 22. c4 1-0

[Event "Corr"]
[Site "?"]
[Date "2002.05.01"]
[Round "?"]
[White "Sanchez Rodenas Antonio (ESP)"]
[Black "Nicholls Mervyn C.(ENG)"]
[Result "1-0"]
[WhiteElo "2343"]
[BlackElo "2380"]
[PlyCount "63"]
[EventDate "2002.??.??"]
[Source "www.chesslib.no"]
[SourceDate "2004.05.04"]

1. d4 c5 2. d5 f5 3. e4 fxe4 4. Nc3 Nf6 5. g4 e6 6. dxe6 dxe6 7. Qxd8+ Kxd8 8. Bg5 Nc6 9. O-O-O+ Ke8 10. h3 Be7 11. Bg2 h5 12. gxh5 Rxh5 13. Bxf6 gxf6 14. Bxe4 Kf8 15. Bf3 Rh4 16. Bxc6 bxc6 17. Nf3 Rf4 18. Rd3 c4 19. Ne2 cxd3 20. Nxf4 dxc2 21. Ng6+ Kf7 22. Nxe7 Kxe7 23. Kxc2 e5 24. h4 Bg4 25. Nd2 Rd8 26. Kc3 Bh5 27. b4 Bg6 28. Nb3 Rd3+ 29. Kb2 Bh5 30. Kc2 Rf3 31. Rh2 f5 32. Nc5 1-0

[Event "RSA Ch"]
[Site "Cape Town RSA"]
[Date "1995.??.??"]
[Round "3"]
[White "Michelakis, George"]
[Black "Levitt, Mark"]
[Result "1/2-1/2"]
[WhiteElo "2425"]
[BlackElo "2290"]
[PlyCount "132"]
[EventDate "1995.??.??"]
[Source "www.chesslib.no"]
[SourceDate "2004.05.04"]

1. d4 c5 2. d5 f5 3. g3 Nf6 4. Bg2 g6 5. c4 d6 6. Nc3 Bg7 7. Nh3 Nbd7 8. O-O O-O 9. Rb1 a6 10. a4 Rb8 11. b3 Qe8 12. Qc2 h6 13. Nf4 Ne5 14. Bb2 g5 15. Ne6 Bxe6 16. dxe6 Qh5 17. h3 f4 18. Ne4 Nxe4 19. Qxe4 g4 20. h4 f3 21. exf3 gxf3 22. Bh3 Qg6 23. Rfe1 Qxe4 24. Rxe4 b5 25. axb5 axb5 26. cxb5 Rxb5 27. Bxe5 Bxe5 28. Bf1 Rb4 29. Rxb4 cxb4 30. Rd1 Ra8 31. Bc4 Ra1 32. Rxa1 Bxa1 33. Bd5 Kg7 34. Bxf3 Kf6 35. Bg4 Ke5 36. Kf1 Kd4 37. Ke1 Kd3 38. Be2+ Ke4 39. Bb5 Bf6 40. Ke2 Ke5 41. Bd7 Ke4 42. Be8 Ke5 43. Bf7 Ke4 44. Bh5 Kf5 45. Bf7 Ke4 46. f3+ Kd4 47. Kd2 Be5 48. f4 Bf6 49. Bg6 Kd5 50. Bf5 Kd4 51. Bd3 Kd5 52. Bc4+ Kd4 53. Be2 Kd5 54. Bg4 Ke4 55. Ke2 Kd4 56. Bf3 Kc3 57. Bd5 Kd4 58. Bc4 d5 59. Bb5 Kc3 60. Bc6 d4 61. Bd5 d3+ 62. Kd1 Kd4 63. Bc4 Ke3 64. h5 Kf3 65. Bxd3 Kxg3 66. Bg6 Kxf4 1/2-1/2

[Event "Young Masters 7th"]
[Site "Loures"]
[Date "1999.11.30"]
[Round "8"]
[White "Kovacevic, Slobodan"]
[Black "Vitor, Antonio"]
[Result "1/2-1/2"]
[WhiteElo "2404"]
[BlackElo "2310"]
[PlyCount "91"]
[EventDate "1999.11.23"]
[Source "ChessBase"]
[SourceDate "2000.01.11"]

1. d4 c5 2. d5 f5 3. Nc3 Nf6 4. Bg5 Qb6 5. Rb1 h6 6. Bxf6 Qxf6 7. Nf3 d6 8. e4 g6 9. Bb5+ Nd7 10. exf5 gxf5 11. Ne2 a6 12. Bxd7+ Bxd7 13. Nf4 h5 14. h4 Bh6 15. g3 Bxf4 16. gxf4 O-O-O 17. Ng5 e5 18. dxe6 Bxe6 19. b3 d5 20. O-O d4 21. Re1 Bd5 22. Re5 Rhe8 23. Qe2 Rxe5 24. fxe5 Qc6 25. Re1 c4 26. bxc4 Qxc4 27. Qxc4+ Bxc4 28. a3 d3 29. cxd3 Rxd3 30. Re3 Rxe3 31. fxe3 Kd7 32. Kf2 b5 33. Kg3 Bd5 34. Nh3 a5 35. Nf2 b4 36. axb4 a4 37. Nd1 a3 38. Nc3 a2 39. Nxa2 Bxa2 40. Kf4 Ke6 41. Kg5 Kxe5 42. Kxh5 Kf6 43. b5 Bd5 44. b6 Bc6 45. Kh6 Be4 46. Kh5 1/2-1/2

[Event "Corr"]
[Site "?"]
[Date "1998.??.??"]
[Round "13"]
[White "Fitzpatrick Simon P"]
[Black "Nicholls Mervyn C"]
[Result "0-1"]
[WhiteElo "2400"]
[BlackElo "2310"]
[PlyCount "56"]
[EventDate "1998.??.??"]
[Source "www.chesslib.no"]
[SourceDate "2004.05.04"]

1. d4 c5 2. d5 f5 3. Nc3 Nf6 4. Bg5 Qb6 5. Qd3 Ne4 6. Nxe4 fxe4 7. Qc3 d6 8. e3 e5 9. O-O-O Bf5 10. h3 h6 11. Bh4 g5 12. Bg3 Bg7 13. Be2 O-O 14. h4 g4 15. Bc4 a5 16. a4 Qb4 17. Qxb4 axb4 18. b3 Nd7 19. Ne2 Nb6 20. Bb5 c4 21. bxc4 Rfc8 22. Kb2 Bd7 23. Bxd7 Nxd7 24. Kb3 Nc5+ 25. Kxb4 Rxa4+ 26. Kc3 Nd7 27. Kb3 Raxc4 28. c3 R4c5 0-1

[Event "Foment op"]
[Site "?"]
[Date "1998.??.??"]
[Round "?"]
[White "Garcia Ilundain David"]
[Black "Lacasta Palacios Joaquim"]
[Result "1-0"]
[WhiteElo "2495"]
[BlackElo "2215"]
[PlyCount "43"]
[EventDate "1998.??.??"]
[Source "www.chesslib.no"]
[SourceDate "2004.05.04"]

1. d4 c5 2. d5 f5 3. g3 Nf6 4. Bg2 g6 5. Nh3 d6 6. Nf4 Bg7 7. h4 Na6 8. h5 gxh5 9. Nd2 Qa5 10. e3 Kd8 11. c3 b5 12. a4 Nc7 13. Nb3 Qb6 14. axb5 Qxb5 15. Na5 Bd7 16. Ne6+ Bxe6 17. dxe6 d5 18. c4 Qb4+ 19. Bd2 Qb6 20. cxd5 Ne4 21. Nc6+ Kc8 22. Nxe7+ 1-0

[Event "Minsk op"]
[Site "?"]
[Date "1996.??.??"]
[Round "9"]
[White "Vasilevich Tatjana"]
[Black "Korzubov Peter"]
[Result "1/2-1/2"]
[WhiteElo "2270"]
[BlackElo "2440"]
[PlyCount "47"]
[EventDate "1996.??.??"]
[Source "www.chesslib.no"]
[SourceDate "2004.05.04"]

1. d4 c5 2. d5 f5 3. b3 Nf6 4. Bb2 Qa5+ 5. Bc3 Qb6 6. e3 Qd6 7. Bc4 b5 8. Bxb5 Qxd5 9. Qxd5 Nxd5 10. Bb2 Bb7 11. Nf3 Nc6 12. O-O Nc7 13. Be2 d6 14. Rd1 Rg8 15. Ng5 e6 16. Nxh7 Be7 17. f4 Nd5 18. Kf2 O-O-O 19. c4 Ndb4 20. a3 Na6 21. Ng5 Bxg5 22. fxg5 Na5 23. Nd2 Nc6 24. Bc3 1/2-1/2

[Event "Lloyds Bank Open"]
[Site "London ENG"]
[Date "1994.??.??"]
[Round "1"]
[White "James, Dale R"]
[Black "Levitt, Jonathan"]
[Result "1/2-1/2"]
[WhiteElo "2260"]
[BlackElo "2445"]
[PlyCount "88"]
[EventDate "1994.08.??"]
[Source "www.chesslib.no"]
[SourceDate "2004.05.04"]

1. d4 c5 2. d5 f5 3. c4 g6 4. Nc3 Bg7 5. Qc2 Nf6 6. Nf3 O-O 7. g3 d6 8. Bg2 Na6 9. O-O Nc7 10. b3 b5 11. cxb5 Rb8 12. Bb2 Nxb5 13. Nxb5 Rxb5 14. Rfd1 a5 15. Nd2 a4 16. bxa4 Rb8 17. Bc3 Bd7 18. Rab1 Ra8 19. a5 Qe8 20. Qd3 Ra7 21. Rb6 Qf7 22. f4 Rfa8 23. Rdb1 Bc8 24. Rb8 Nd7 25. Rxa8 Rxa8 26. e3 Ba6 27. Qc2 Bxc3 28. Qxc3 Qf6 29. Qc2 Qf8 30. Qc3 Qg7 31. Qc2 Kf7 32. h3 h5 33. Nf3 Kg8 34. Kh2 Bc8 35. Qd2 Qf8 36. Nh4 Qd8 37. Nxg6 Kf7 38. Nh4 Qxa5 39. Qd3 Nf6 40. Nxf5 c4 41. Qc2 Qxa2 42. Rb2 Qa3 43. Nh4 Qxe3 44. Qxc4 Ra3 1/2-1/2

[Event "Zalakaros op"]
[Site "?"]
[Date "2003.05.19"]
[Round "4"]
[White "Csiszar Zoltan"]
[Black "Okhotnik Vladimir"]
[Result "1/2-1/2"]
[WhiteElo "2248"]
[BlackElo "2453"]
[PlyCount "121"]
[EventDate "2003.??.??"]
[Source "www.chesslib.no"]
[SourceDate "2004.05.04"]

1. d4 c5 2. d5 f5 3. c4 g6 4. Bd2 Bg7 5. Bc3 Nf6 6. Nd2 O-O 7. g3 b5 8. cxb5 Bb7 9. Bg2 Bxd5 10. Bxd5+ Nxd5 11. Qb3 e6 12. Bxg7 Kxg7 13. Ngf3 a6 14. O-O axb5 15. Qxb5 Na6 16. Kg2 Qe7 17. Qc4 Qf6 18. b3 Ne7 19. e4 fxe4 20. Qxe4 d5 21. Qe5 Nc6 22. Qd6 Nd4 23. Nxd4 Qxd4 24. Rad1 Nb4 25. a4 Ra6 26. Qc7+ Rf7 27. Qc8 Rc6 28. Qb8 Qf6 29. f4 Nc2 30. Rf3 Qd4 31. Qe5+ Qxe5 32. fxe5 Rf5 33. Rc3 Nd4 34. Nf1 Rb6 35. Rxc5 Nxb3 36. Rc7+ Rf7 37. Rxf7+ Kxf7 38. Rb1 Rb7 39. Nd2 Nc5 40. Rxb7+ Nxb7 41. Nb3 Nd8 42. a5 Nc6 43. a6 Ke7 44. Nc5 g5 45. g4 h6 46. h3 Na7 47. Kf2 Nb5 48. Ke2 Kd8 49. Nxe6+ Kd7 50. Nc5+ Kc6 51. e6 Kd6 52. Kd2 Na7 53. Kd3 Nb5 54. Nb3 Nc7 55. a7 Kxe6 56. Nd4+ Kd7 57. Nf5 Kc6 58. Nxh6 Kb7 59. Nf7 Ne6 60. a8=Q+ Kxa8 61. Nxg5 1/2-1/2

[Event "ISR-chT"]
[Site "Israel"]
[Date "1996.??.??"]
[Round "4"]
[White "Tyomkin, Dimitri"]
[Black "Kataev, Simcho"]
[Result "1-0"]
[WhiteElo "2340"]
[BlackElo "2355"]
[PlyCount "67"]
[EventDate "1996.??.??"]
[Source "ChessBase"]

1. d4 c5 2. d5 f5 3. g3 Nf6 4. Bg2 g6 5. h4 Qb6 6. Nh3 e5 7. dxe6 dxe6 8. O-O Bg7 9. Nd2 O-O 10. c3 Nc6 11. Nc4 Qa6 12. Qb3 Nd5 13. a4 Bd7 14. Rd1 Nce7 15. Bg5 Rae8 16. Nf4 Bc8 17. Qb5 Nxf4 18. Bxf4 Nd5 19. Bd6 Qxb5 20. axb5 Rf7 21. Rxa7 b6 22. Rxf7 Kxf7 23. Bxd5 exd5 24. Nxb6 Bb7 25. e3 d4 26. Bxc5 Bf3 27. Rd2 dxc3 28. bxc3 Bxc3 29. Rd7+ Kg8 30. Rc7 Ba5 31. Rc8 Kf7 32. Rxe8 Kxe8 33. Nc4 Be2 34. Nxa5 1-0

[Event "Pappier Memorial B"]
[Site "?"]
[Date "1998.??.??"]
[Round "5"]
[White "Muttoni Guillermo Cesar"]
[Black "Nicholls Mervyn C"]
[Result "1/2-1/2"]
[WhiteElo "2380"]
[BlackElo "2310"]
[PlyCount "73"]
[EventDate "1998.??.??"]
[Source "www.chesslib.no"]
[SourceDate "2004.05.04"]

1. d4 c5 2. d5 f5 3. g3 Nf6 4. Bg2 g6 5. Nf3 Bg7 6. O-O O-O 7. c4 Ne4 8. Nbd2 Nd6 9. Rb1 b6 10. b3 Bb7 11. Bb2 e6 12. Ne1 Bxb2 13. Rxb2 Qf6 14. Qc1 exd5 15. cxd5 Re8 16. e3 Na6 17. Nc4 Ne4 18. f3 Ng5 19. Qd2 d6 20. e4 Rad8 21. h4 Nf7 22. Nd3 Nc7 23. a4 b5 24. axb5 Nxb5 25. Ra2 Qd4+ 26. Kh2 Nc3 27. Rxa7 Bxd5 28. Nxc5 Qxd2 29. Nxd2 dxc5 30. exd5 Nxd5 31. Nc4 f4 32. Rd1 fxg3+ 33. Kxg3 Ne7 34. Rxd8 Nf5+ 35. Kf2 Rxd8 36. h5 gxh5 37. Ra5 1/2-1/2

[Event "Zuerich Open"]
[Site "Zurich SUI"]
[Date "1995.??.??"]
[Round "1"]
[White "Cvitan, Ognjen"]
[Black "Nazarenus, Olaf"]
[Result "1-0"]
[WhiteElo "2520"]
[BlackElo "2170"]
[PlyCount "45"]
[EventDate "1995.12.??"]
[Source "www.chesslib.no"]
[SourceDate "2004.05.04"]

1. d4 c5 2. d5 f5 3. Nc3 Nf6 4. Bg5 Qb6 5. Qd2 h6 6. Bxf6 Qxf6 7. O-O-O a6 8. e4 d6 9. exf5 Bxf5 10. Bd3 Bxd3 11. Qxd3 Qxf2 12. Nf3 Qxg2 13. Qf5 Nd7 14. Rhg1 Qf2 15. Rd2 Qxg1+ 16. Nxg1 O-O-O 17. Nf3 g5 18. Re2 Kb8 19. h4 Nf6 20. Ne4 Bg7 21. hxg5 Nxe4 22. Rxe4 hxg5 23. Rxe7 1-0

[Event "NOR-ch"]
[Site "Gausdal"]
[Date "1999.07.04"]
[Round "2"]
[White "Djurhuus, Rune"]
[Black "Lie, Kjetil A"]
[Result "1/2-1/2"]
[WhiteElo "2483"]
[BlackElo "2206"]
[PlyCount "95"]
[EventDate "1999.07.03"]
[Source "ChessBase"]
[SourceDate "1999.09.14"]

1. d4 c5 2. d5 f5 3. g3 Nf6 4. Bg2 g6 5. Nh3 Bg7 6. Nc3 O-O 7. Nf4 d6 8. h4 Qe8 9. h5 Na6 10. hxg6 hxg6 11. e4 Nc7 12. Qe2 b5 13. exf5 Bxf5 14. Ne6 Bxe6 15. dxe6 b4 16. Ne4 Nxe4 17. Qxe4 Rf5 18. Qh4 Re5+ 19. Kd1 Nxe6 20. Qh7+ Kf7 21. Bh6 Qb5 22. Bxg7 Qe2+ 23. Kc1 Nxg7 24. b3 c4 25. Bxa8 c3 26. Rd1 Rh5 27. Bd5+ e6 28. Bc4 Qe5 29. Qxh5 gxh5 30. a3 d5 31. Bd3 a5 32. axb4 axb4 33. Ra4 Qd6 34. Re1 Qc5 35. Re3 Kf6 36. Ra6 Kg5 37. Be2 Qd4 38. Bd3 Qc5 39. Ra8 Kf6 40. Rh8 d4 41. Rf3+ Ke7 42. Kd1 Qg5 43. Ke2 Qg4 44. Rh6 Qg5 45. Rh7 Qg4 46. Rh6 Qg5 47. Rh7 Qg4 48. Rh6 1/2-1/2

[Event "Open"]
[Site "?"]
[Date "2003.07.16"]
[Round "6"]
[White "Hatchatrian Souren"]
[Black "Demkovich Anatoliy"]
[Result "1-0"]
[WhiteElo "2260"]
[BlackElo "2422"]
[PlyCount "87"]
[EventDate "2003.??.??"]
[Source "www.chesslib.no"]
[SourceDate "2004.05.04"]

1. d4 c5 2. d5 f5 3. Nc3 Nf6 4. Nf3 g6 5. g3 Bg7 6. Bg2 O-O 7. O-O d6 8. Nd2 g5 9. Nc4 h6 10. a4 Nbd7 11. Qd3 Qe8 12. Nb5 Ng4 13. f4 gxf4 14. gxf4 Qd8 15. h3 Ngf6 16. Ne3 a6 17. Nc3 c4 18. Qxc4 Nc5 19. Ra3 Bd7 20. b4 Nce4 21. Nxe4 fxe4 22. Bxe4 Bxa4 23. Bf3 Qe8 24. Kh2 Rc8 25. Qd3 Bd7 26. Nf5 Bxf5 27. Qxf5 Rc4 28. Re3 Rf7 29. Rg1 Qd7 30. Qxd7 Nxd7 31. Bg4 Bd4 32. Bxd7+ Kh7 33. Be6 Bxe3 34. Bxe3 Rf8 35. c3 Re4 36. Bd4 Rxe2+ 37. Kh1 h5 38. f5 Re8 39. Bf7 Rb8 40. Bxh5 Re4 41. Bg6+ Kh6 42. f6 Re2 43. f7 e5 44. dxe6 1-0

[Event "FIN Team Ch 9596"]
[Site "Finland"]
[Date "1996.??.??"]
[Round "3"]
[White "Manninen, Marko"]
[Black "Nevanlinna, Risto"]
[Result "1/2-1/2"]
[WhiteElo "2380"]
[BlackElo "2300"]
[PlyCount "122"]
[EventDate "1995.??.??"]
[Source "www.chesslib.no"]
[SourceDate "2004.05.04"]

1. d4 c5 2. d5 f5 3. Nc3 Nf6 4. Bg5 g6 5. Bxf6 exf6 6. Qd2 Bg7 7. d6 O-O 8. Qd5+ Kh8 9. Qxc5 Nc6 10. O-O-O b6 11. Qd5 Bb7 12. e3 Qc8 13. Qd2 Ne5 14. f4 Nf7 15. Nf3 Qc5 16. Bb5 a6 17. Bxd7 Rfd8 18. Na4 Qc4 19. b3 Qe4 20. Nxb6 Rab8 21. Qe1 Ba8 22. Nxa8 Rxd7 23. Nc7 Nxd6 24. Rd4 Qe7 25. Qd2 Rxc7 26. Rxd6 Rbc8 27. c4 Bf8 28. Rd3 Qa3+ 29. Kb1 a5 30. Nd4 Qe7 31. Nb5 Rc5 32. Rd1 Qe4 33. Ka1 a4 34. Rd4 Qe6 35. Rd8 axb3 36. axb3 Qa6+ 37. Kb1 Kg7 38. Qd7+ Kh6 39. Rxc8 Rxc8 40. g4 Ra8 41. g5+ Kh5 42. Qd4 Qa2+ 43. Kc1 Qxb3 44. Rd3 Qa2 45. Rd2 Qa4 46. Rc2 fxg5 47. fxg5 Bb4 48. Qd1+ Kh4 49. Qd4+ Kxg5 50. Rg2+ Kh6 51. Qf4+ Kg7 52. Qd4+ Kg8 53. Qd5+ Kf8 54. Qd4 Qa1+ 55. Qxa1 Rxa1+ 56. Kb2 Re1 57. Nc7 Rxe3 58. Nd5 Ba3+ 59. Ka2 Rh3 60. Nf4 Rf3 61. Ne6+ Kg8 1/2-1/2

[Event "Isla Guitart Open"]
[Site "Isla Guitart"]
[Date "1994.??.??"]
[Round "?"]
[White "Rivera, Alberto"]
[Black "Leyva, Hector"]
[Result "0-1"]
[WhiteElo "2370"]
[BlackElo "2300"]
[PlyCount "76"]
[EventDate "1994.??.??"]
[Source "www.chesslib.no"]
[SourceDate "2004.05.04"]

1. d4 c5 2. d5 f5 3. Nc3 Nf6 4. Bg5 Qb6 5. Rb1 h6 6. Bf4 d6 7. e3 a6 8. Nf3 Qa5 9. Nd2 b5 10. Be2 g6 11. O-O Bg7 12. e4 g5 13. e5 gxf4 14. exf6 Bxf6 15. a4 Bd7 16. axb5 Bxc3 17. bxc3 axb5 18. Bh5+ Kd8 19. Qf3 Qa4 20. Rfe1 Qxc2 21. Qxf4 Ra2 22. Nf1 Qxc3 23. Rxe7 Qd4 24. Qxd4 cxd4 25. Rg7 Na6 26. Ng3 d3 27. h3 Rf8 28. Bf7 Nc5 29. Nf1 f4 30. Be6 Kc7 31. Rxb5 Ra1 32. Rb2 Rb8 33. Rxb8 Kxb8 34. Rxd7 Nxd7 35. Bxd7 d2 36. Bg4 d1=Q 37. Bxd1 Rxd1 38. g4 f3 0-1

[Event "Bielsko Biala Open"]
[Site "Bielsko Biala"]
[Date "1990.??.??"]
[Round "7"]
[White "Agrest, Evgenij"]
[Black "Jakubiec, Artur"]
[Result "1-0"]
[WhiteElo "2415"]
[BlackElo "2250"]
[PlyCount "93"]
[EventDate "1990.??.??"]
[Source "www.chesslib.no"]
[SourceDate "2004.05.04"]

1. d4 c5 2. d5 f5 3. Nc3 Nf6 4. Bg5 Qb6 5. Qd2 g6 6. d6 Nc6 7. Bxf6 exf6 8. O-O-O Ne5 9. e3 a6 10. f4 Nf7 11. Nd5 Qxd6 12. Qa5 b6 13. Qxb6 Qxb6 14. Nxb6 Rb8 15. Nxc8 Rxc8 16. Bxa6 Rc7 17. c4 Nd6 18. a4 Ne4 19. Nh3 Rc6 20. Bb5 Rd6 21. Rxd6 Bxd6 22. Rd1 Kd8 23. Nf2 Kc7 24. Nxe4 fxe4 25. Rd5 Rd8 26. b4 cxb4 27. c5 Bf8 28. g4 Be7 29. Kc2 g5 30. fxg5 d6 31. gxf6 Bxf6 32. cxd6+ Rxd6 33. Rh5 Bc3 34. Rxh7+ Kb6 35. Kb3 Bd2 36. Re7 Rh6 37. Kc4 Bxe3 38. Rxe4 Bd2 39. Re2 Bf4 40. Kxb4 Bxh2 41. Kc4 Bg3 42. Re7 Rd6 43. a5+ Kxa5 44. Kc5 Bf2+ 45. Kxd6 Bc5+ 46. Ke6 Bxe7 47. Kxe7 1-0

[Event "Moravia-ch op"]
[Site "?"]
[Date "1996.??.??"]
[Round "?"]
[White "Korneevets Alexander"]
[Black "Kislov Sergey"]
[Result "1/2-1/2"]
[WhiteElo "2325"]
[BlackElo "2335"]
[PlyCount "48"]
[EventDate "1996.??.??"]
[Source "www.chesslib.no"]
[SourceDate "2004.05.04"]

1. d4 c5 2. d5 f5 3. g3 Nf6 4. Bg2 g6 5. Nh3 Bg7 6. O-O O-O 7. Nd2 d6 8. Re1 Na6 9. e4 Nc7 10. Nf4 e5 11. dxe6 Nxe6 12. Nd5 Nxd5 13. exd5 Nc7 14. a4 b6 15. Ra3 Qd7 16. c4 a6 17. Nf3 h6 18. Ree3 Re8 19. Rxe8+ Nxe8 20. Qc2 Rb8 21. Nh4 Qf7 22. Bf1 g5 23. Ng2 Bd7 24. Bd3 Nc7 1/2-1/2

[Event "Budapest HUN"]
[Site "?"]
[Date "1998.09.07"]
[Round "3"]
[White "Paschall William M"]
[Black "Husari Satea"]
[Result "1-0"]
[WhiteElo "2365"]
[BlackElo "2290"]
[PlyCount "115"]
[EventDate "1998.??.??"]
[Source "www.chesslib.no"]
[SourceDate "2004.05.04"]

1. d4 c5 2. d5 f5 3. g3 g6 4. Bg2 Bg7 5. Nh3 Nf6 6. Nf4 g5 7. Nd3 c4 8. Ne5 Qc7 9. Nf3 Qa5+ 10. c3 Qxd5 11. Qxd5 Nxd5 12. Bxg5 Nb6 13. Na3 Nc6 14. Nd2 d5 15. Be3 e6 16. Nb5 O-O 17. Bc5 Rd8 18. a4 Nd7 19. Be3 Nf8 20. f4 a6 21. Nd4 Nxd4 22. Bxd4 Bxd4 23. cxd4 Rb8 24. a5 b6 25. axb6 Rxb6 26. Ra2 Bd7 27. Kd1 Rdb8 28. Kc1 Ng6 29. Nb1 Ne7 30. Rd1 Nc8 31. h3 Nd6 32. Nc3 Kf7 33. g4 Bc6 34. Bf3 Kf8 35. e3 a5 36. Rd2 a4 37. Bd1 Ne4 38. Nxe4 dxe4 39. Ra3 Rb4 40. g5 Kg7 41. h4 Bd7 42. Rc3 R8b6 43. Ra3 Rb8 44. Ra2 R8b6 45. Rc2 Rb8 46. Rc3 Kf8 47. Rca3 Ra8 48. h5 Be8 49. h6 Bd7 50. Kd2 Ra6 51. Kc3 Rab6 52. Bxa4 Rxa4 53. Rxa4 Rb3+ 54. Kc2 Bxa4 55. Rxa4 Kg8 56. Ra3 Rb7 57. b3 Kf7 58. bxc4 1-0

[Event "BL2-N 9697"]
[Site "?"]
[Date "1997.??.??"]
[Round "?"]
[White "Bach Matthias"]
[Black "Pachow Joerg"]
[Result "1/2-1/2"]
[WhiteElo "2305"]
[BlackElo "2345"]
[PlyCount "46"]
[EventDate "1997.??.??"]
[Source "www.chesslib.no"]
[SourceDate "2004.05.04"]

1. d4 c5 2. d5 f5 3. e4 fxe4 4. f3 exf3 5. Nxf3 Nf6 6. c4 b5 7. Bd3 bxc4 8. Bc2 Na6 9. a3 Bb7 10. Nc3 Qb6 11. O-O O-O-O 12. Ne5 Nc7 13. Nf7 Rg8 14. Nxd8 Kxd8 15. Bg5 h6 16. Bh4 Kc8 17. Bg3 Ncxd5 18. Nxd5 Nxd5 19. Qh5 Nf6 20. Qe5 Qd6 21. Qe2 Qe6 22. Qf2 Qc6 23. Rae1 d6 1/2-1/2

[Event "San Francisco Linklater"]
[Site "San Francisco"]
[Date "1998.??.??"]
[Round "3"]
[White "Rey, Guillermo"]
[Black "Zilberstein, Dmitry"]
[Result "1-0"]
[WhiteElo "2335"]
[BlackElo "2310"]
[PlyCount "105"]
[EventDate "1998.02.03"]
[Source "ChessBase"]
[SourceDate "1998.04.29"]

1. d4 c5 2. d5 f5 3. Nc3 Nf6 4. Bg5 Qb6 5. Rb1 g6 6. Bxf6 exf6 7. h4 d6 8. e3 Nd7 9. Nh3 Bh6 10. Nf4 a6 11. h5 Kf7 12. a3 Ne5 13. Ne6 Bd7 14. Be2 Rae8 15. O-O Bxe6 16. dxe6+ Rxe6 17. f4 Kg7 18. Nd5 Qd8 19. fxe5 dxe5 20. c4 e4 21. b4 cxb4 22. Rxb4 b6 23. c5 Re5 24. Bc4 Rxd5 25. Qxd5 Bxe3+ 26. Kh1 Qxd5 27. Bxd5 Bxc5 28. Rbb1 Rd8 29. Rfd1 Kh6 30. hxg6 hxg6 31. g3 Kg5 32. Kg2 Rh8 33. a4 a5 34. Rbc1 Kg4 35. Rh1 Rd8 36. Rcd1 Kg5 37. Rh7 Be3 38. Rc7 f4 39. gxf4+ Kxf4 40. Bb3 Rxd1 41. Bxd1 f5 42. Rf7 Bd4 43. Rf8 Bc5 44. Rf7 Bd4 45. Bb3 Ke3 46. Re7 Kf4 47. Bg8 Bc5 48. Re6 g5 49. Bh7 Bd4 50. Re7 Bf6 51. Rf7 Ke5 52. Rb7 Bd8 53. Rb8 1-0

[Event "Ch (corr.)"]
[Site "corr."]
[Date "1988.??.??"]
[Round "?"]
[White "Glek, Igor V"]
[Black "Vikulov, Alexander"]
[Result "1-0"]
[WhiteElo "2500"]
[BlackElo "2130"]
[PlyCount "39"]
[EventDate "1988.??.??"]
[Source "www.chesslib.no"]
[SourceDate "2004.05.04"]

1. d4 c5 2. d5 f5 3. Nc3 Nf6 4. Bg5 Qb6 5. Rb1 Na6 6. e3 h6 7. Bf4 Nc7 8. Nf3 d6 9. Be2 Qa5 10. O-O b5 11. Nd2 g5 12. Bg3 Bd7 13. a3 Qb6 14. b4 a5 15. Bh5+ Kd8 16. Bf7 axb4 17. axb4 cxb4 18. Rxb4 Qc5 19. Rb3 Rh7 20. Be6 1-0